000 00995nam a2200289 i 4500
003 EG-GICUC
005 20260423113218.0
008 260423s1964 ua ||||fr|||| 00| 0 fre d
040 _aEG-GiCUC
_bfre
_cEG-GiCUC
_dEG-GiCUC
_eRda
041 0 _afre
082 0 4 _221
_a343.5
_bLE . D
092 0 4 _221
099 _aLaw1 10 343.5 LE . D 1964
100 1 _aLevasseur . Georges
_eAuteur
245 1 0 _aDroit Criminel Approfondi :
_b Le Domaine D'application Dans Le Tempa Des Lois En Matière Répressive /
_cGeorges Levasseur .
264 1 _aLe Caire :
_bUniversité Du Caire, Faculté De Droit ,
_c1963-1964 .
300 _a215 page ;
_c 24 cm.
336 _2rda contenu
_a texte
337 _2rda medias
_aOrdinateur
338 _2 transporteur rda
_a Ressource en ligne
546 _aTexte en français
650 1 4 _aDroit pénal international
_2qrmak
651 1 _2qrmak
856 4 0 _uhttps://fll.law.cu.edu.eg/fulltext/bks/B10-10651.pdf
905 _a165
942 _2ddc
_cBK
_e21
_n0
999 _c72993
_d72993